| 000 | 00608cam a2200205ua 4500 | ||
|---|---|---|---|
| 005 | 20260515114418.0 | ||
| 008 | 150219n ii |||gr||||Z||||||asm | ||
| 040 |
_cMAIN _aIN-DiNC |
||
| 041 | _dasm | ||
| 082 |
_a891.4514 _bSHR |
||
| 245 | 1 |
_aShrestha Asamiya samalosana sahitya/ _cEdited by Homen Borgohain |
|
| 250 | _a1st. | ||
| 260 |
_aGuwahati: _bPublication Board Assam, _c2010. |
||
| 300 | _a626p. | ||
| 650 | _a Critical essays on Assamese literature | ||
| 653 | _aEast Indo-European & Celtic literatures | ||
| 653 | _aAssamese literature | ||
| 700 |
_aBorgohain, Homen _eEditor |
||
| 942 |
_cBK _2ddc |
||
| 999 |
_c8066 _d8066 |
||